| 000 | 00655nam a2200205Ia 4500 | ||
|---|---|---|---|
| 008 | 220216s9999 xx 000 0 und d | ||
| 100 |
_aPootakham W _cet al |
||
| 245 | 0 | _aConstruction of a high-density integrated genetic linkage map of rubber tree (Hevea brasiliensis) using genotyping-by-sequencing (GBS) | |
| 260 |
_bFrontiers in Plant Science _c2015 |
||
| 500 | _aSource Year: 2015 | ||
| 650 | _aGBS | ||
| 650 | _aGenetic linkage map | ||
| 650 | _aGenotypig-by-sequencing | ||
| 650 | _aHevea brasiliensis | ||
| 650 | _aMap integration | ||
| 650 | _aRubber tree | ||
| 650 | _aSNP genotype | ||
| 856 | _ucopy of online article | ||
| 942 | _cJS | ||
| 999 |
_c56206 _d56206 |
||